000 00366 a2200133 4500
000 nam a22 7a 4500
100 _aसंजय ,मनोहर
110 _aसंजय ,मनोहर
245 _aअंतरराष्ट्रीय कानून
250 _alatest edition
260 _bsatyam
_c2025
264 _bsatyam
_c2025
942 _cBK
999 _c395564
_d395564